Implementación de un sistema de información para la gestión de programas sociales en la SEDESOQ de 2017 a 2025 /
Պահպանված է:
| Հիմնական հեղինակ: | |
|---|---|
| Ձևաչափ: | Թեզիս Գիրք |
| Լեզու: | իսպաներեն |
| Հրապարակվել է: |
Guadalajara, México :
edición de autor,
2025
|
| Խորագրեր: | |
| Առցանց հասանելիություն: | Ver documento en línea |
| Ցուցիչներ: |
Չկան պիտակներ, Եղեք առաջինը, ով նշում է այս գրառումը!
|
MARC
| LEADER | 00000nam^a2200000^a^4500 | ||
|---|---|---|---|
| 001 | 000623370 | ||
| 005 | 20251027000000.0 | ||
| 009 | 20260310133936.54 | ||
| 037 | |a Acervo ITESO - Biblioteca | ||
| 041 | |a ESP | ||
| 090 | |a MPA. 5 | ||
| 100 | |a Pérez Mejía, Diana Yadira |e (autor) | ||
| 245 | 1 | 0 | |a Implementación de un sistema de información para la gestión de programas sociales en la SEDESOQ de 2017 a 2025 / |c D.Y. Pérez Mejía. |
| 264 | 1 | |a Guadalajara, México : |b edición de autor, |c 2025 | |
| 300 | |a 1 tesis electrónica en línea (69 p.) | ||
| 300 | |a 1 recurso en línea | ||
| 336 | |a datos para computadora |b cod |2 rdacontenido | ||
| 337 | |a computadora |b c |2 rdamedio | ||
| 338 | |a recurso en línea |b cr |2 rdasoporte | ||
| 502 | |a ITESO Tesis de Maestría en Política y Analítica Públicas | ||
| 649 | |a XX | ||
| 650 | |a Sistemas de Inforamción | ||
| 650 | |a Proceso Administrativo | ||
| 650 | |a Programas Sociales - |z Querétaro - |x Aspectos Tecnológicos | ||
| 650 | |a Programas Sociales - |z Querétaro - |x Historia - |y 2018-2024 - |x Tema Principal | ||
| 650 | |a Programas Sociales - |z México - |x Aspectos Tecnológicos | ||
| 650 | |a Programas Sociales - |z México - |x Historia - |y 2018-2024 | ||
| 650 | |a Administración Pública - |z Querétaro - |x Historia - |y 2018-2024 | ||
| 650 | |a Administración Pública - |z México - |x Historia - |y 2018-2024 | ||
| 650 | |a Políticas Públicas - |z Querétaro - |x Historia - |y 2018-2024 | ||
| 650 | |a Políticas Públicas - |z México - |x Historia - |y 2018-2024 | ||
| 650 | |a Política Social - |z Querétaro - |x Historia - |y 2018-2024 | ||
| 650 | |a Política Social - |z México - |x Historia - |y 2018-2024 | ||
| 856 | 4 | 0 | |u https://hdl.handle.net/11117/11786 |y Ver documento en línea |
| 910 | |a Fondo General | ||
| 920 | |a Electrónicos - Tesis del ITESO en Línea | ||
| 930 | |a Repositorio Institucional | ||
| 905 | |a 201 | ||
| 901 | |a 623370-1 |b IT2 |c ETI |u 20251027 | ||
| 902 | |a https://opac.biblio.iteso.mx/vufind/Record/000623370 | ||